<?xml version="1.0" encoding="UTF-8"?>
<record
    xmlns:xsi="http://www.w3.org/2001/XMLSchema-instance"
    xsi:schemaLocation="http://www.loc.gov/MARC21/slim http://www.loc.gov/standards/marcxml/schema/MARC21slim.xsd"
    xmlns="http://www.loc.gov/MARC21/slim">

  <leader>02607nam a2200409 i 4500</leader>
  <controlfield tag="001">193251</controlfield>
  <controlfield tag="003">SpMaBN</controlfield>
  <controlfield tag="005">20240828063033.0</controlfield>
  <controlfield tag="007">ta</controlfield>
  <controlfield tag="008">210728s2021    sp     | |||| 000 p spa  </controlfield>
  <datafield tag="017" ind1=" " ind2=" ">
    <subfield code="a">M 18945-2021</subfield>
    <subfield code="b">Oficina Dep&#xF3;sito Legal Madrid</subfield>
  </datafield>
  <datafield tag="020" ind1=" " ind2=" ">
    <subfield code="a">9788418888014</subfield>
  </datafield>
  <datafield tag="035" ind1=" " ind2=" ">
    <subfield code="a">a6916481</subfield>
  </datafield>
  <datafield tag="040" ind1=" " ind2=" ">
    <subfield code="a">SpMaBN</subfield>
    <subfield code="b">spa</subfield>
    <subfield code="c">SpMaBN</subfield>
    <subfield code="e">rda</subfield>
  </datafield>
  <datafield tag="080" ind1=" " ind2=" ">
    <subfield code="a">821.134.2-14"19"</subfield>
  </datafield>
  <datafield tag="100" ind1="1" ind2=" ">
    <subfield code="a">Nistal, Gloria</subfield>
    <subfield code="4">aut</subfield>
    <subfield code="e">aut</subfield>
    <subfield code="9">234310</subfield>
  </datafield>
  <datafield tag="245" ind1="1" ind2="0">
    <subfield code="a">M&#xE1;s de diez a&#xF1;os sin l&#xE1;grimas /</subfield>
    <subfield code="c">Gloria Nistal ; pr&#xF3;logo de Flori Tapia ; ep&#xED;logo de Adelaida Porras Medrano</subfield>
  </datafield>
  <datafield tag="250" ind1=" " ind2=" ">
    <subfield code="a">Primera edici&#xF3;n: 2021</subfield>
  </datafield>
  <datafield tag="264" ind1=" " ind2="1">
    <subfield code="a">Madrid :</subfield>
    <subfield code="b">Sial Pigmali&#xF3;n,</subfield>
    <subfield code="c">2021</subfield>
  </datafield>
  <datafield tag="300" ind1=" " ind2=" ">
    <subfield code="a">90 p&#xE1;ginas ;</subfield>
    <subfield code="c">21 cm</subfield>
  </datafield>
  <datafield tag="336" ind1=" " ind2=" ">
    <subfield code="a">Texto</subfield>
    <subfield code="2">rdacontent</subfield>
  </datafield>
  <datafield tag="337" ind1=" " ind2=" ">
    <subfield code="a">sin mediaci&#xF3;n</subfield>
    <subfield code="2">rdamedia</subfield>
  </datafield>
  <datafield tag="338" ind1=" " ind2=" ">
    <subfield code="a">volumen</subfield>
    <subfield code="2">rdacarrier</subfield>
  </datafield>
  <datafield tag="490" ind1="0" ind2=" ">
    <subfield code="a">Pigmali&#xF3;n poes&#xED;a ;</subfield>
    <subfield code="v">119</subfield>
  </datafield>
  <datafield tag="500" ind1=" " ind2=" ">
    <subfield code="a">&#xCD;ndice</subfield>
  </datafield>
  <datafield tag="520" ind1=" " ind2=" ">
    <subfield code="a">Este poemario es un diario de emociones &#xED;ntimas elaborado en tiempos dif&#xED;ciles, m&#xE1;s por desacostumbrados que por terribles, que tambi&#xE9;n lo son. Abarca temas absolutamente actuales que sin embargo ya son hist&#xF3;ricos: la pandemia, el conflicto entre Israel y Palestina o la gran nevada en Madrid, sin pasar por alto sus propias batallas personales, esas que vive desde su eterna adolescencia tan lejos de la realidad inventada de su fecha de nacimiento.

Est&#xE1;n aqu&#xED; todos los viajes que no pudo hacer el a&#xF1;o que se paraliz&#xF3; el mundo. Esos otros viajes de introspecci&#xF3;n para los que nunca ten&#xED;a tiempo, los que aclaran la mirada y oscurecen el anhelo de una libertad que ya no ser&#xE1; la misma, porque ya no somos los mismos.
Flori Tapia

Siempre hay un final de esperanza, por muy desgarrador que resulte el contenido del poema. Y creo que este es uno de los mensajes esenciales de M&#xE1;s de diez a&#xF1;os sin l&#xE1;grimas, que resulta inseparable, a su vez, de dos conceptos fundamentales: la fraternidad, lazo invisible pero firme que une a la poeta con cada ser sufriente, y la resiliencia, capaz de conjurar, al menos parcialmente, la opacidad del dolor.
Adelaida Porras Medrano</subfield>
  </datafield>
  <datafield tag="655" ind1=" " ind2="7">
    <subfield code="a">Poes&#xED;as</subfield>
    <subfield code="2">tgfbne</subfield>
    <subfield code="9">176539</subfield>
  </datafield>
  <datafield tag="700" ind1="1" ind2=" ">
    <subfield code="9">234381</subfield>
    <subfield code="a">Tapia, Flori</subfield>
    <subfield code="e">aui</subfield>
  </datafield>
  <datafield tag="700" ind1="1" ind2=" ">
    <subfield code="a">Porras Medrano, Adelaida</subfield>
    <subfield code="9">93154</subfield>
    <subfield code="e">aft</subfield>
  </datafield>
  <datafield tag="830" ind1=" " ind2=" ">
    <subfield code="9">225371</subfield>
    <subfield code="a">Poes&#xED;a Pigmali&#xF3;n</subfield>
  </datafield>
  <datafield tag="852" ind1=" " ind2=" ">
    <subfield code="a">ES-MaACL</subfield>
    <subfield code="b">154648</subfield>
    <subfield code="c">DEPOJ</subfield>
    <subfield code="9">200681</subfield>
    <subfield code="h">Donaci&#xF3;n: Gloria Nistal </subfield>
    <subfield code="j">N-9419</subfield>
    <subfield code="x">Encuadernaci&#xF3;n r&#xFA;stica con solapas</subfield>
  </datafield>
  <datafield tag="903" ind1=" " ind2=" ">
    <subfield code="a">Nistal, Gloria</subfield>
    <subfield code="e">dnr</subfield>
    <subfield code="9">234310</subfield>
  </datafield>
  <datafield tag="942" ind1=" " ind2=" ">
    <subfield code="n">0</subfield>
    <subfield code="c">MONOGRAFIA</subfield>
  </datafield>
  <datafield tag="999" ind1=" " ind2=" ">
    <subfield code="c">193251</subfield>
    <subfield code="d">193251</subfield>
  </datafield>
  <datafield tag="952" ind1=" " ind2=" ">
    <subfield code="0">0</subfield>
    <subfield code="1">0</subfield>
    <subfield code="2">udc</subfield>
    <subfield code="4">0</subfield>
    <subfield code="7">0</subfield>
    <subfield code="a">ATENEOM</subfield>
    <subfield code="b">ATENEOM</subfield>
    <subfield code="c">DEPOJ</subfield>
    <subfield code="d">2023-10-23</subfield>
    <subfield code="e">DONACION</subfield>
    <subfield code="j">1</subfield>
    <subfield code="l">0</subfield>
    <subfield code="o">N-9419</subfield>
    <subfield code="p">101205969</subfield>
    <subfield code="r">2023-10-23 00:00:00</subfield>
    <subfield code="y">MONOGRAFIA</subfield>
  </datafield>
</record>
